[Event "URS-ch46 First League"]
[Site "Ashkhabad"]
[Date "1978.??.??"]
[Round "8"]
[White "Timoscenko, Gennadij A"]
[Black "Makarichev, Sergey"]
[Result "1/2-1/2"]
[WhiteElo "2530"]
[BlackElo "2495"]
[Annotator "Bulletin"]
[PlyCount "84"]
[EventDate "1978.10.??"]
[EventType "tourn"]
[EventRounds "17"]
[EventCountry "URS"]
[EventCategory "10"]
[SourceTitle "MCL"]
[Source "ChessBase"]
[SourceDate "1999.07.01"]
[SourceVersion "1"]
[SourceVersionDate "1999.07.01"]
[SourceQuality "1"]

1. e4 c5 2. Nf3 d6 3. d4 cxd4 4. Nxd4 Nf6 5. Nc3 Nc6 6. Bg5 e6 7. Qd2 a6 8.
O-O-O h6 9. Be3 Nxd4 10. Bxd4 b5 11. f3 Be7 12. Qf2 Qc7 13. g4 Qc6 14. a3 e5
15. Be3 Be6 16. Qd2 Rc8 17. Kb1 Nd7 18. Nd5 Bxd5 19. exd5 Qc7 20. h4 Nb6 21.
Rh2 h5 22. g5 Nc4 23. Bxc4 bxc4 24. c3 O-O 25. f4 exf4 26. Bxf4 Qd7 27. Re1 Rc5
28. Ka1 Rb8 29. Qe3 Rb7 $2 30. Rhe2 Qf5 31. Qf3 Bf8 32. Re8 Rc8 33. Rxc8 Qxc8
34. Qxh5 g6 35. Qf3 Qf5 36. Qe4 Qc8 37. Qd4 $2 $10 (37. Qe8 $16 Qc5 38. h5)
37... Bg7 38. Qe4 Qc5 39. Be3 Qxa3+ $1 40. bxa3 Bxc3+ 41. Ka2 Rb2+ 42. Ka1 Rb6+
1/2-1/2

[Event "World U20-ch22"]
[Site "Belfort"]
[Date "1983.08.22"]
[Round "10"]
[White "Barbulescu, Dan"]
[Black "Dlugy, Maxim"]
[Result "1/2-1/2"]
[WhiteElo "2320"]
[BlackElo "2450"]
[Annotator "Bulletin/Primel,D"]
[PlyCount "80"]
[EventDate "1983.08.12"]
[EventType "swiss"]
[EventRounds "13"]
[EventCountry "FRA"]
[SourceTitle "EXT 2016"]
[Source "ChessBase"]
[SourceDate "2015.10.08"]
[SourceVersion "1"]
[SourceVersionDate "2015.10.08"]
[SourceQuality "1"]
[TimeControl "40/9000:16/5400:0"]

1. e4 {Une partie importante dans la course au podium} c5 2. Nf3 Nc6 3. d4 cxd4
4. Nxd4 Nf6 5. Nc3 d6 6. Bg5 e6 7. Qd2 a6 8. O-O-O h6 (8... Bd7 9. f4 (9. f3))
9. Bf4 Bd7 10. Nxc6 Bxc6 11. Qe1 Qa5 12. Bc4 Be7 13. Nd5 $146 (13. Bb3 O-O-O {
Shamkovich,L (2460)-Dlugy,M (2455) New York Kavkasian 1983 1/2}) 13... Qxe1 14.
Rhxe1 Bxd5 (14... exd5 $2 15. exd5 Bd7 16. Bxd6) 15. exd5 b5 16. Be2 (16. Bb3
$5 e5 (16... a5 17. dxe6 a4 18. exf7+ Kf8 19. Rxe7 $1 Kxe7 20. Bxd6+) 17. Bg3)
16... e5 17. Be3 Nd7 18. f4 Bf6 $6 (18... O-O $142 19. Kb1 Rac8 $132 {[%csl
Rc2]}) 19. Bg4 {[%csl Rd7][%cal Ge1e8]} (19. Bd2 $5 {[%cal Gd2a5]} O-O 20. Bg4)
19... Kd8 $5 20. Bd2 {[%cal Gd2a5] La paire de B commence à s'activer} exf4 $1
{[%cal Gd7e5]} 21. Bxd7 $6 {Evite Ne5 mais après l'échange le Kd7 sera bien
placé au centre} (21. Ba5+ $142 Kc8 22. c4 $5 {[%csl Rc8]} bxc4 23. Re4 $36 {
[%csl Rc8]}) 21... Kxd7 22. Bxf4 Rae8 23. c3 Be5 24. Rf1 f5 25. h4 Rhf8 26. h5
Bf6 27. Rde1 (27. Kc2) 27... Be5 28. g3 Re7 29. Kd2 a5 (29... Rfe8 {[%cal
Ge5f4]}) 30. Kd3 Rfe8 31. b3 Kc7 32. Rf3 (32. Bd2 $5 Bxg3 33. Rxe7+ Rxe7 34.
Rxf5 $14 {[%csl Rd6,Ge6,Rg7]}) 32... Bxf4 33. Rxe7+ Rxe7 34. gxf4 Kb6 35. b4
axb4 36. cxb4 Ra7 $11 {[%csl Ra2,Rb4]} 37. Rf2 Ra3+ 38. Kd4 Ra4 39. Kc3 Ra3+
40. Kd4 Ra4 {Les deux adversaires renoncent à l'ajournement} 1/2-1/2

[Event "Rostov on Don"]
[Site "Rostov on Don"]
[Date "1993.??.??"]
[Round "?"]
[White "Dolmatov, Sergey"]
[Black "Tukmakov, Vladimir B"]
[Result "1/2-1/2"]
[WhiteElo "2615"]
[BlackElo "2605"]
[Annotator "Chekhov,V"]
[PlyCount "134"]
[EventDate "1993.05.??"]
[EventType "tourn"]
[EventRounds "11"]
[EventCountry "RUS"]
[EventCategory "14"]
[SourceTitle "CBM 036"]
[Source "ChessBase"]
[SourceDate "1993.10.01"]
[SourceVersion "1"]
[SourceVersionDate "1993.10.01"]
[SourceQuality "1"]

1. e4 c5 2. Nf3 d6 3. d4 cxd4 4. Nxd4 Nf6 5. Nc3 Nc6 6. Bg5 e6 7. Qd2 a6 8.
O-O-O h6 9. Be3 (9. Bf4 $5) 9... Be7 10. f3 Nxd4 11. Bxd4 b5 12. Kb1 (12. Bxf6
gxf6 13. Ne2 (13. f4 $5) 13... Qb6 14. Nf4 h5 15. g4 $5 hxg4 16. fxg4 Bb7 17.
Bg2 Rg8 18. h3 b4 19. Kb1 a5 20. Rhf1 a4 21. Nh5 Rg6 22. Qd4 {Tringov,
G-Yermolinsky,A Forli 1989 Inf 47/ 249/} Qc5 $1 $15) (12. Qf2 Bd7 13. Kb1 b4
14. Ne2 e5 15. Be3 Be6 16. Nc1 Qb8 17. Bd3 a5 18. g4 a4 19. h4 h5 {Donchev,
D-Ruban,V Shibenik 1988/} 20. Bg5 $5 $13 {Inf 47/249/}) (12. h4 Qa5 13. Qf2 Rb8
14. Kb1 b4 15. Ne2 e5 16. Ba7 Rb7 17. Nc1 Be6 $132 {Haba,P-Khalifman,A BRD
1991/}) 12... Bb7 (12... Rb8 $5 13. g4 b4 14. Bxf6 (14. Ne2 e5 15. Be3 Be6 {
/\d5!/}) 14... Bxf6 15. Ne2 Rb6 $132 {Cseshkovsky,V-Ruban,V S-Peterburg 1993/})
(12... Qa5 $5) 13. g4 (13. Bxf6 gxf6 14. Bd3 Qb6 15. Rhe1 O-O-O 16. a4 b4 $132
{Murrey,J-Zueger,B New York 1987 Inf 43/255/}) 13... Qc7 $5 $146 (13... b4 14.
Na4 Bc6 15. Nb6 Rb8 16. Qf2 e5 17. Be3 Bxe4 $1 18. Bxa6 Bc6 19. Bc4 d5 20. Bb3
O-O 21. Qe2 $1 Rxb6 22. Bxb6 Qxb6 23. Qxe5 $13 {Suetin,A-Makarychev,S SSSR
1981/}) 14. Qf2 b4 15. Na4 e5 16. Be3 (16. Bb6 Qc6) 16... d5 $5 17. Nb6 dxe4 (
17... Rd8 18. exd5 $16) 18. Nxa8 Bxa8 $44 19. Bg2 (19. Bxa6 exf3 20. Bb5+ Kf8)
19... O-O 20. h4 Qc6 21. Rh3 (21. g5 $6 exf3) 21... Rc8 22. Qe2 (22. g5 Nd5 $1
23. fxe4 Nxe3 24. Rxe3 Bc5) 22... Nd5 23. fxe4 Nxe3 24. Rxe3 Bxh4 25. Red3 Qb5
26. R3d2 Qxe2 27. Rxe2 Bg5 28. Ree1 Bh4 $6 (28... a5) (28... Bc6) 29. Re3 Bc6
30. Bf1 Bg5 31. Ree1 a5 (31... Bh4 32. Bxa6 Ra8 33. Rh1) 32. Bc4 Rc7 (32... Kf8
$5) 33. Bd5 Bd7 34. Rg1 Kf8 35. Rd3 Be7 36. Rf3 f6 37. c3 (37. g5 $5) 37... Bc5
38. Rg2 Ke7 39. Rfg3 Ba4 40. Rh2 Bd6 41. Rh1 Bd7 42. Rc1 Ra7 43. Kc2 Ra6 44.
Kd3 Rb6 45. Rg2 Rb8 46. Ke3 Bc5+ 47. Kf3 Bd6 48. Bb3 Rb6 49. Rd2 Bc6 (49...
bxc3 $5) 50. Rcd1 Be8 51. Bg8 bxc3 52. bxc3 h5 $1 53. Rh1 hxg4+ 54. Kxg4 Bd7+
55. Kf3 Rc6 56. c4 Be6 57. Bxe6 Kxe6 58. Rc1 Bc5 (58... a4 $5) 59. Rd8 f5 60.
Re8+ Kf6 61. exf5 (61. Ra8 $5) 61... Kxf5 62. Re1 Bd6 63. Re4 a4 64. Rg8 g5 65.
Rg7 Bc5 66. Rf7+ Ke6 67. Rg7 Kf5 1/2-1/2

[Event "Match Huebner-Hort +2-1=3"]
[Site "Hamburg"]
[Date "1979.09.02"]
[Round "3"]
[White "Huebner, Robert"]
[Black "Hort, Vlastimil"]
[Result "0-1"]
[WhiteElo "2595"]
[BlackElo "2600"]
[Annotator "Chekhov,V"]
[PlyCount "115"]
[EventDate "1979.08.31"]
[EventType "match"]
[EventRounds "6"]
[EventCountry "GER"]
[SourceTitle "MCL"]
[Source "ChessBase"]
[SourceDate "1999.07.01"]
[SourceVersion "1"]
[SourceVersionDate "1999.07.01"]
[SourceQuality "1"]

1. e4 c5 2. Nf3 d6 3. d4 cxd4 4. Nxd4 Nf6 5. Nc3 Nc6 6. Bg5 e6 7. Qd2 a6 8.
O-O-O h6 9. Bf4 Bd7 10. Nxc6 Bxc6 11. f3 d5 12. exd5 (12. Qe1 Bb4 13. a3 Ba5
14. Bd2 d4 15. e5 Qc7 16. Nb5 Bxd2+ 17. Qxd2 (17. Rxd2 axb5 18. exf6 b4 19.
fxg7 Rg8 20. Bc4 Rxg7 $13) 17... Qxe5 (17... axb5 18. exf6 gxf6 19. Qxd4 Qe5
20. Qd2 $14) 18. Re1 Qb8 $1 (18... Ne4 19. Nxd4 Nxd2 20. Rxe5 Nxf1 21. Nxc6
bxc6 22. Rxf1 $14 {Luther,T-Lerner,K/Cuxhaven/1993/}) 19. Nxd4 O-O 20. Nxc6
bxc6 $10 {Svidler,P-Lerner,K/St.Petersburg/1993/}) 12... Nxd5 13. Be5 f6 (13...
Qa5 $5 14. a3 (14. Nxd5 Qxd2+ 15. Rxd2 Bxd5 {Pf6, f7=/}) 14... f6 (14... Rd8
15. Qe1) 15. Bd4 O-O-O 16. Nxd5 Qxd2+ (16... Qxd5 $5 17. c4 Qd6 {Pe5 /}) 17.
Rxd2 Bxd5 18. c4 Bc6 {Pe5 /}) 14. Bd4 Bb4 15. Bc4 (15. a3 $5 Ba5 (15... Bxc3
16. Bxc3 Nxc3 17. Qxc3 Qc7 18. Bc4 $14) 16. Qf2 $14) 15... O-O 16. Qe2 (16. a3
$5 Ba5 17. Qf2) 16... Re8 17. Ne4 (17. Bxd5 exd5 18. Qf2) 17... Qc7 $1 $13 18.
Qf2 b5 19. Bb3 a5 20. Bc5 $1 f5 (20... Bxc5 21. Qxc5 a4 22. Bxd5 Qf4+ 23. Kb1
Bxd5 24. Qxb5 (24. Nd6 Reb8) 24... Reb8 $44) 21. Ng3 f4 $5 (21... Bxc5 $6 22.
Qxc5 a4 23. Bxd5 Qf4+ 24. Kb1 Bxd5 25. Qd4 Qxd4 26. Rxd4 Red8 27. Rhd1 g6 28.
Ne2 {P f4, c3+/-/}) (21... Rad8 $5 22. Bxd5 $140 Rxd5) (21... Rad8 $5 22. a3 (
22. Bxb4 $1 axb4 23. Qc5 $13) 22... Bxc5 23. Qxc5 b4 24. a4 (24. Bxd5 Qf4+ 25.
Kb1 Bxd5 26. axb4 axb4 $17) 24... Qd7) 22. Ne2 (22. Ne4 Ne3 $1 23. Bxb4 (23.
Bxe3 fxe3 24. Qxe3 a4) 23... axb4 24. Rd2 Bd5 $36) 22... Bb7 $6 (22... Ne3 23.
Bxe3 fxe3 24. Qxe3 a4 25. Bxe6+) (22... Rac8 $5 23. Bxb4 (23. Kb1 a4 $1 24.
Bxd5 Bxd5 25. Bxb4 Qxc2+ 26. Ka1 Qc4 27. Rxd5 exd5 $19) 23... Nxb4 {P d5-/+/})
23. Bxb4 axb4 24. g3 $1 Ne3 (24... fxg3 25. hxg3 $16) 25. Nxf4 $1 (25. Rd2 Bd5
$1 26. Nxf4 Bxb3 $36) 25... Nxd1 26. Rxd1 Qc6 27. Rd3 Kh7 28. Qe1 e5 29. Nd5 (
29. Bd5 $2 exf4 $19) 29... Qc5 30. Nxb4 e4 31. Re3 Rad8 (31... exf3 32. Rxe8 f2
33. Bg8+ Kh8 (33... Kg6 34. Qe6+ Kg5 35. h4+ Kh5 36. Bf7+ $18) 34. Bd5+ Kh7 35.
Qe4+ g6 36. Re7+ $18) (31... Qh5 $5 32. fxe4 Qxh2) (31... Qg5 $5) 32. fxe4 Rd4
33. Nd3 (33. Nd5 $2 Bxd5 34. Bxd5 Rxd5) 33... Qg5 34. h4 Qg4 35. e5 $18 Re4 36.
c3 Rxe3 37. Qxe3 Qe4 38. Qxe4+ Bxe4 39. Nc5 Bc6 (39... Bf5 $5) 40. e6 Kg6 41.
Kd2 Kf6 42. c4 b4 $8 (42... bxc4 43. Bxc4 {Pb4,a4+-/}) 43. Na6 Rxe6 44. Nxb4
Bf3 45. c5 $6 (45. Nd5+ Bxd5 (45... Ke5 46. Nf4 {P e3+-/}) 46. cxd5 Re4 47. a4
Ke5 48. a5 Kd6 49. a6 $18) 45... Re2+ 46. Kc3 Rg2 47. Kd4 Ke7 (47... Rxg3 $5)
48. Bd5 Rxg3 49. Nc6+ Ke8 50. b4 g5 51. Bxf3 (51. hxg5 $2 Rg4+ $1 52. Ke5 Rxg5+
$19) (51. b5 Bxd5 52. Kxd5 gxh4 53. b6 Rg7) 51... Rxf3 52. hxg5 hxg5 53. b5 g4
54. b6 $2 (54. Ne5 Rf4+ 55. Ke3 Rb4 56. b6 g3 57. Kf3 g2 58. Kxg2 Rb5 59. Nd3 (
59. c6 Rxb6 60. c7 Rb2+ 61. Kf3 Rc2) 59... Kd7 60. Kf3 Kc6 61. Ke4 Ra5 $10)
54... Rf7 55. Ne5 g3 $1 56. Nxf7 (56. Nf3 Kd7 57. Ne5+ Kc8) 56... g2 57. Nd6+
Kd8 58. a4 (58. a4 g1=Q+ 59. Kc4 Qc1+ 60. Kb4 Kd7 {P c6-+/}) 0-1

[Event "Rostov on Don"]
[Site "Rostov on Don"]
[Date "1993.??.??"]
[Round "?"]
[White "Tiviakov, Sergei"]
[Black "Tukmakov, Vladimir B"]
[Result "1-0"]
[WhiteElo "2575"]
[BlackElo "2605"]
[Annotator "Chekhov,V"]
[PlyCount "75"]
[EventDate "1993.05.??"]
[EventType "tourn"]
[EventRounds "11"]
[EventCountry "RUS"]
[EventCategory "14"]
[SourceTitle "CBM 036"]
[Source "ChessBase"]
[SourceDate "1993.10.01"]
[SourceVersion "1"]
[SourceVersionDate "1993.10.01"]
[SourceQuality "1"]

1. e4 {Boensch} c5 2. Nf3 Nc6 3. d4 cxd4 4. Nxd4 Nf6 5. Nc3 d6 6. Bg5 e6 7. Qd2
a6 8. O-O-O h6 9. Bf4 Bd7 10. Nxc6 (10. Bg3 Rc8 11. f3 Nxd4 12. Qxd4 e5 $10 {
Kveinys,A-Kramnik,V Debrecen 1992 Inf 56/216/}) 10... Bxc6 11. f3 d5 12. Qe1
Bb4 13. a3 Ba5 14. Bd2 d4 (14... Qe7 15. e5 Nd7 16. f4 (16. Kb1 Bb6 17. f4 h5
$1 18. Qg3 Bc5 19. Bd3 g6 20. Rhf1 O-O-O $1 $132 {Ivanchuk,V-Lanka,Z Debrecen
1992 Inf 56/218/}) 16... b5 17. Ne2 Bxd2+ 18. Qxd2 O-O 19. Nd4 Rfc8 20. Bd3 Nc5
21. Kb1 Bd7 $132 {Nunn,J-Kramnik,V BRD 1992 Inf 56/219 14...b5!?/}) (14... Rc8
$5 {Boensch -CBM 36VC Adams,M-Shirov,A Munich (11) 1993 1/2 21}) 15. e5 Qc7 (
15... Nd7 $5 {Boensch} 16. Ne2 Bxd2+ 17. Rxd2 Nxe5 18. f4 Nd7 19. f5 e5 20.
Nxd4 Qf6 21. Nxc6 Qxc6 $10 {Wolff,P-Dlugy,M New York op (07) 1991 1-0 61}) 16.
Ne2 $5 $146 (16. exf6 dxc3 17. Bxc3 Bxc3 18. Qxc3 Qf4+ 19. Kb1 (19. Rd2 {
Boensch} Qxf6 20. Qxf6 gxf6 $14 {De la Villa Garcia,J-Kramnik,V Pamplona (4)
1992 1/2 46 Yudasin,L-Lerner,K Moskow Alekhine op 1992 1/2 28}) 19... Qxf6 20.
Qc5 Qg5 21. Qd6 Rd8 22. Qxd8+ Qxd8 23. Rxd8+ Kxd8 $10 {Magomedov,M-Lerner,K
Berlin 1992 Inf 55/226/}) 16... Bxd2+ 17. Qxd2 Qxe5 18. Nxd4 Bd7 19. Bc4 $1 O-O
20. Bb3 Qc7 (20... Rfd8 $5) (20... Rac8 $5) 21. h4 $14 Rad8 22. Qe3 Rfe8 (22...
e5 $5) (22... e5 {Boensch} 23. Ne2 Bc6 $10) 23. Ne2 (23. g4 e5 24. Ne2 e4 $1
25. g5 exf3 26. Qxf3 Bc6) (23. Rhe1 $5) 23... Bc6 24. g4 Nd5 (24... Rxd1+ {
Boensch} 25. Rxd1 (25. Kxd1 $2 Nxg4 $19) 25... Rd8 $10) 25. Bxd5 $1 Rxd5 (25...
exd5 26. Qf2 {/\Nd4/}) (25... Bxd5 26. g5 $16) 26. Rxd5 Bxd5 27. g5 hxg5 (27...
h5 28. Nf4 (28. Nf4 {Boensch} Qc6 29. g6 $16)) 28. hxg5 e5 (28... Qc6 $5) 29.
Nc3 Bc6 30. Ne4 Re6 (30... Rd8 $5) (30... Bxe4 $2 {Boensch} 31. Qxe4 g6 32. Qh4
Kf8 33. Qh8+ Ke7 34. Qf6+ $18) 31. Rd1 (31. Qe2 $5 {/\Qh2/}) 31... Qe7 (31...
Bxe4 $5 32. Qxe4 Qe7 33. Qg4 e4) 32. Nc5 $1 Rd6 $6 (32... Rg6 $5) 33. Re1 Qd8
$6 (33... f6 34. gxf6 Qxf6) 34. Nd3 Rg6 (34... e4 {Boensch} 35. fxe4 Rg6 $14)
35. Nxe5 Rxg5 36. Nxf7 $1 $18 Kxf7 37. Qe6+ Kf8 38. Rh1 1-0

[Event "St Petersburg zt"]
[Site "St Petersburg"]
[Date "1993.??.??"]
[Round "1"]
[White "Tseshkovsky, Vitaly"]
[Black "Ruban, Vadim"]
[Result "1/2-1/2"]
[WhiteElo "2540"]
[BlackElo "2595"]
[Annotator "Chekhov,V"]
[PlyCount "92"]
[EventDate "1993.01.??"]
[EventType "swiss"]
[EventRounds "9"]
[EventCountry "RUS"]
[SourceTitle "CBM 034"]
[Source "ChessBase"]
[SourceDate "1993.06.01"]
[SourceVersion "1"]
[SourceVersionDate "1993.06.01"]
[SourceQuality "1"]

1. e4 c5 2. Nf3 d6 3. d4 cxd4 4. Nxd4 Nf6 5. Nc3 Nc6 6. Bg5 e6 7. Qd2 a6 8.
O-O-O h6 9. Be3 (9. Bf4 Bd7 10. Nxc6 Bxc6 11. f3 d5 12. Qe1 Bb4 13. a3 Ba5 14.
Bd2 d4 (14... b5 15. Kb1 $1 Bb6 16. exd5 Bxd5 17. Nxd5 Nxd5 18. Bb4 Rc8 {
Lau-Kovalev/BRD/1992/} 19. Qe5 Rg8 20. Be2 $16 {Kovalev}) 15. e5 Qc7 16. exf6 (
16. Ne2 Bxd2+ 17. Qxd2 Qxe5 18. Nxd4 Bd7 $10) 16... dxc3 17. Bxc3 Bxc3 18. Qxc3
Qf4+ 19. Kb1 Qxf6 20. Qc5 Qg5 21. Qd6 Rd8 22. Qxd8+ Qxd8 23. Rxd8+ Kxd8 $10 {
Magomedov-Lerner/Berlin/1992/}) 9... Be7 (9... Nxd4 10. Bxd4 b5 11. Kb1 $1 (11.
f3 Qa5 12. a3 e5 13. Be3 Be6 14. Kb1 Be7 $10 {Ivanchuk,V-Anand,V/Linares (m-1)/
1992/}) 11... Bb7 (11... b4 12. Na4 Nxe4 13. Qxb4 d5 14. Qe1 Bd7 15. Nb6 Rb8
16. f3 Nc5 $14 {Anand,V}) 12. f3 Be7 13. g4 Bc6 14. Qf2 $1 {Ivanchuk,V-Anand,V/
Linares (m-5)/1992/}) 10. f3 Nxd4 11. Bxd4 b5 12. Kb1 Rb8 $5 $146 (12... Qa5
13. Qe3 b4 14. Bb6 Qg5 15. f4 Qg6 16. e5 $36 {Wan Der Wiel,J-Ehlvest,J/
Katerini/1992/}) (12... b4 13. Na4) (12... Bb7 $5) (12... e5 $5) 13. g4 b4 14.
Bxf6 (14. Na4 Bd7) (14. Ne2 e5 15. Ba7 Rb7 16. Be3 Be6 17. Ng3 Qa5 18. b3 d5)
14... Bxf6 (14... gxf6 15. Ne2 h5) 15. Ne2 Rb6 16. h4 (16. Ng3) 16... Bxh4 17.
Rxh4 Qxh4 18. Qd4 Rc6 (18... Qd8 19. Qxg7 Ke7 20. e5 $44) 19. Qxg7 Rf8 20. Qd4
e5 (20... a5 21. Nc1) 21. Qxb4 Qf2 22. Nc3 (22. Qb3 Be6 (22... Ke7 23. Nc3 $36)
23. Qb8+ (23. Qb7 Qb6) 23... Ke7 24. Qb7+ Bd7 25. Nc3 Rxc3 26. bxc3 Qxf3) 22...
Qxf3 23. Rc1 Rxc3 $1 $15 24. bxc3 (24. Qxc3 Qxc3 25. bxc3 Ke7 26. Be2 Rg8 27.
Rh1 Bxg4 28. Bxa6 Bf3 29. Rxh6 Bxe4 $19) 24... Ke7 25. Bd3 Qxg4 26. Qb6 Qd7 27.
Ka1 (27. Bxa6 Bxa6 28. Qxa6 Rb8+ 29. Ka1 Qc7 30. c4 Qc5 $19) 27... Qb7 28. Qe3
Qc7 29. c4 Qc5 30. Qg3 (30. Qxh6 Qd4+ 31. Kb1 Be6 $19) 30... Qa3 (30... Be6 $19
) 31. Qe1 Rg8 32. Rb1 Rg4 33. Rb3 Qc5 34. Kb2 h5 35. Qd2 h4 36. Qh6 $1 a5 37.
Be2 Qd4+ 38. Ka3 Qxe4 $2 39. Bxg4 Qxg4 40. c5 dxc5 41. Qh8 c4 42. Rb8 $5 (42.
Qxe5+ Qe6 43. Qg5+ f6 44. Qg7+ Qf7 45. Re3+ Be6 46. Qh6 $16) 42... Qg3+ 43. Kb2
a4 44. Ra8 a3+ 45. Rxa3 Qe1 46. Ra8 (46. Rc3 Be6 $13) 46... Qb4+ 1/2-1/2

[Event "Podolsk"]
[Site "Podolsk"]
[Date "1993.??.??"]
[Round "?"]
[White "Dvoirys, Semen I"]
[Black "Lerner, Konstantin Z"]
[Result "1-0"]
[WhiteElo "2590"]
[BlackElo "2530"]
[Annotator "Chekhov,V"]
[PlyCount "105"]
[EventDate "1993.10.??"]
[EventType "tourn"]
[EventRounds "9"]
[EventCountry "RUS"]
[EventCategory "14"]
[SourceTitle "CBM 038"]
[Source "ChessBase"]
[SourceDate "1994.02.01"]
[SourceVersion "1"]
[SourceVersionDate "1994.02.01"]
[SourceQuality "1"]

1. e4 c5 2. Nf3 d6 3. d4 cxd4 4. Nxd4 Nf6 5. Nc3 Nc6 6. Bg5 e6 7. Qd2 a6 8.
O-O-O h6 9. Be3 Bd7 (9... Be7 10. f3 Nxd4 11. Bxd4 b5 12. Kb1 e5 (12... Rb8 13.
Qf2 $1 Qc7 14. g4 Bd7 15. h4 b4 16. Ne2 e5 17. Be3 Rc8 18. Ng3 Bxg4 19. Bb6
Qxc2+ 20. Qxc2 Rxc2 21. fxg4 Rc6 22. Ba7 Nxg4 23. Bh3 $14 {Ivanovic,B-Makarov,
M /JUG/1993 Inf 57/206/}) 13. Be3 Be6 14. g4 Qa5 15. Qf2 Rb8 16. Nd5 Bxd5 17.
exd5 Bd8 18. Qe2 Rb7 19. h4 $16 {Ehlvest,J-Serper,G /Moscow/1993 Inf 57/206/})
10. f4 (10. f3 b5 11. Kb1 Ne5 $5 12. Bd3 Qc7 13. g4 b4 14. Nce2 d5 15. Bf4 dxe4
16. Bxe4 Nxe4 17. fxe4 {Anand,V-Kramnik,V /Amsterdam/1993 Inf 57/210/}) 10...
Be7 11. Qe1 $5 $146 (11. Be2 b5 12. Bf3 Rc8 13. Nb3 Na5 $1 {Mohrlock,D-Kujala,
A /corr/1989 Inf 50/230/} 14. Nxa5 Qxa5 15. Qf2 Rxc3 $1 16. bxc3 Qxa2 $40) (11.
Kb1 b5 12. Bd3 O-O 13. Rhe1 Qc7 $1 14. h3 Na5 15. Qf2 Nc4 16. Bc1 b4 $132 {
Ehlvest,J-Ivanchuk,V /Terrassa/1991 Inf 52/204/}) (11. Bd3 b5 12. Kb1 O-O 13.
h3 Nxd4 14. Bxd4 Bc6 15. Qe3 Qc7 16. e5 dxe5 17. Bxe5 Qb7 18. Rhe1 Rad8 $13 {
Yudasin,L-Oll,L /Pamplona/1991/}) (11. h3 b5 12. Bd3 Nxd4 13. Bxd4 b4 14. Ne2
e5 15. Be3 Qa5 16. Kb1 O-O 17. g4 Rfd8 $5 $132 {Adams,M-Shirov,A /Groningen/
1990/}) 11... Qc7 (11... b5 12. e5 $36) 12. Kb1 b5 13. Bd3 O-O (13... Rc8 $5)
14. Qg3 Kh8 15. Rhf1 Rac8 (15... Nxd4 16. Bxd4 b4 17. Ne2 e5 18. fxe5 Nh5 19.
Qf3 dxe5 20. Qxh5 exd4 21. Nxd4 $16) (15... b4 16. Nce2 e5 17. fxe5 dxe5 18.
Nf5 $36) 16. Nxc6 Bxc6 17. e5 dxe5 (17... Nd5 18. Nxd5 Bxd5 19. f5 $1 dxe5 20.
f6 $1 Bxf6 21. Rxf6 gxf6 22. Bxh6 Rg8 23. Qh4 $18) 18. fxe5 Nh7 (18... Nd7 19.
Qh3) 19. Ne2 $36 (19. Rxf7 Rxf7 20. Qg6 Rf5) 19... Be8 20. Nf4 Rg8 21. h4 Nf8
22. Bd4 Bc5 23. c3 b4 24. Rc1 $1 (24. Bxa6 Ra8 $36) 24... Qb7 25. Qf3 $1 Bc6 (
25... Qxf3 26. gxf3 $16) 26. Qe2 Bxd4 27. cxd4 (27. Bxa6 Be4+ 28. Ka1 bxc3 $1)
27... Rd8 28. Rc4 a5 (28... Bb5 29. Rxb4 Bxd3+ 30. Nxd3 $18) 29. Rfc1 Be8 30.
Qe3 b3 31. a3 $18 Qb6 32. Rc5 a4 33. Qe4 Qa7 34. g3 Qe7 35. Rc7 Rd7 36. Rc8 Ra7
(36... Rd8 37. Qa8 Rxc8 38. Rxc8 $18) 37. Rb8 g6 38. d5 exd5 39. Nxd5 Qe6 (
39... Qd7 40. Nf6 $18) 40. Nc7 Rxc7 41. Rxc7 Nd7 42. Rd8 Nxe5 43. Qd4 Kh7 44.
Rd6 Nf3 45. Rxe6 Nxd4 46. Rxg6 $1 Rxg6 47. h5 Kg7 48. hxg6 Kf6 49. gxf7 Bxf7
50. Kc1 Bd5 51. Kd2 Ne6 52. Ra7 Nc5 53. Ra5 1-0